| 000 | 00549nam a22001817a 4500 | ||
|---|---|---|---|
| 005 | 20250326113230.0 | ||
| 008 | 250326b |||||||| |||| 00| 0 eng d | ||
| 020 | _a9781032127699 | ||
| 041 | _aEng. | ||
| 082 | _a658.4063 GOL | ||
| 100 | _aGoller, Ina | ||
| 245 | _aCreativity for Innovation Management: Tools and Techniques for Creative Thinking in Practice | ||
| 250 | _a2nd | ||
| 260 |
_aNew York _bRoutledge _c2024 |
||
| 300 | _a271;. P. 24 cm | ||
| 650 | _aCreative Ability in Business; Management-Technological Innovations | ||
| 942 | _cBK | ||
| 999 |
_c43402 _d43402 |
||